| 000 | 00539nam a2200217Ia 4500 | ||
|---|---|---|---|
| 003 | OSt | ||
| 005 | 20220923230626.0 | ||
| 006 | a|||||r|||| 00| 0 | ||
| 007 | ta | ||
| 008 | Pun | ||
| 024 | _a284,998 | ||
| 037 | _cTextual | ||
| 040 |
_aARTS _cARTS _bPun |
||
| 041 |
_2Pun _aPun |
||
| 082 | _aO153,2NKAHx, w1L78 | ||
| 245 | 0 | _aਹੱਥੇਲੀ ਤੇ ਉਗਿਆ Fਹਿਰ | |
| 260 | _c1978 | ||
| 650 | _aਪੰਜਾਬੀ ਸਾਹਿਤ | ||
| 942 |
_hO153,2NKAHx, w1L78 _cTEXL _2CC |
||
| 999 |
_c386145 _d386145 |
||